00713nam a22002417a 4500003000500000005001700005008004100022010001000063011001000073035001000083040000900093082001500102100001900117245005300136260003100189300001000220490007100230650002600301650002600327650002400353700002300377830007100400CHAP20220329135631.0971013s1967 r 00010 d a39681 a40653 a44779 cCHAP a338.1bM6400aMoore, John R. aU.S. investment in Latin America Food processing aNew York :bPraeger,c1967 a208 p aPraeger special studies in international economics and development14aAlimentosxIndustria.14aAlimentosxIndustria.14aInversionesxE.U.A.0 aPadovano, Frank A.0 aPraeger special studies in international economics and development